Most Hated Pokémon - Statistics

General Stats
  • This quiz has been taken 73 times
  • The average score is 3 of 15
Answer Stats
Entries Percentage Generation Answer % Correct
39 0.76% 1 Mr. Mime
78%
65 1.27% 1 Jynx
73%
42 0.82% 7 Bruxish
35%
31 0.61% 1 Lickitung
18%
43 0.84% 6 Quilladin
18%
36 0.7% 7 Gumshoos
16%
36 0.7% 4 Lickilicky
16%
47 0.92% 6 Aromatisse
15%
37 0.72% 6 Diggersby
15%
43 0.84% 3 Illumise
11%
45 0.88% 4 Purugly
11%
31 0.61% 6 Slurpuff
11%
42 0.82% 3 Volbeat
11%
33 0.64% 7 Crabominable
9%
30 0.59% 2 Igglybuff
5%
No matching quizzes found
Score Distribution
Percent of People with Each Score
Percentile by Number Answered
Your Score History
You have not taken this quiz